Sports Quiz

Random Sports or Cricket Quiz

Cricket according to the letter I Quiz Stats

 Plays Quiz not verified by Sporcle

Score 0/25 Timer 07:00
1 Play Today
Hint Answer % Correct
LIST OF ICC MEMBER COUNTRIESIndia
92.3%
PLAYERS PICTURED ABOVEAnthony Ireland
87.7%
LIST OF ICC MEMBER COUNTRIESIreland
87.7%
FIRST 8 TEST CRICKETERS TO PLAY FOR ENGLANDRay Illingworth
81.6%
FIRST 8 TEST CRICKETERS TO PLAY FOR ENGLANDRichard Illingworth
81.6%
FIRST 3 BATSMEN TO 1500 TEST RUNSRay Illingworth
81.6%
FIRST 8 TEST CRICKETERS TO PLAY FOR ENGLANDRonnie Irani
70.2%
PLAYERS PICTURED ABOVEMohammad Irfan
69.9%
LIST OF ICC MEMBER COUNTRIESItaly
69.3%
LIST OF ICC MEMBER COUNTRIESIsrael
67.8%
FIRST 3 BATSMEN TO 1500 TEST RUNSTamim Iqbal
64.4%
FIRST 3 BATSMEN TO 1500 TEST RUNSAsif Iqbal
64.1%
PLAYERS PICTURED ABOVEColin Ingram
57.4%
Hint Answer % Correct
FIRST 8 TEST CRICKETERS TO PLAY FOR ENGLANDMark Ilott
56.1%
PLAYERS PICTURED ABOVENaeem Islam
52.8%
FIRST 3 AUSTRLIANS TO PLAY A TESTJack Iverson
50.6%
PLAYERS PICTURED ABOVEKevin Innes
48.5%
PLAYERS PICTURED ABOVEShabnim Ismail
47.2%
FIRST 8 TEST CRICKETERS TO PLAY FOR ENGLANDJack Ikin
39.9%
FIRST 8 TEST CRICKETERS TO PLAY FOR ENGLANDJack Iddon
36.5%
FIRST 3 AUSTRLIANS TO PLAY A TESTFrank Iredale
33.7%
FIRST 8 TEST CRICKETERS TO PLAY FOR ENGLANDDoug Insole
29.8%
PLAYERS PICTURED ABOVEJohn Inverarity
23.9%
FIRST 3 AUSTRLIANS TO PLAY A TESTBert Ironmonger
22.1%
FIRST 8 TEST CRICKETERS TO PLAY FOR ENGLANDAlan Igglesden
9.8%

You're not logged in!

Compare scores with friends on all Sporcle quizzes.
OR
Log In

Show Comments

Extras

Top Quizzes Today


Score Distribution

Your Account Isn't Verified!

In order to create a playlist on Sporcle, you need to verify the email address you used during registration. Go to your Sporcle Settings to finish the process.

Report this User

Report this user for behavior that violates our Community Guidelines.

Details: